[Event "XI C.to Italiano U20"]
[Site "Bratto - Castione della Presolana ITA"]
[Date "2003.08.28"]
[Round "8"]
[White "Bertagnolli, Alexander"]
[Black "Stromboli, Ettore"]
[Result "1/2-1/2"]
[WhiteElo "2290"]
[BlackElo "2155"]
[PlyCount "160"]
[EventDate "2003.08.21"]

1. c4 Nf6 2. Nf3 b6 3. g3 Bb7 4. Bg2 e6 5. O-O Be7 6. Nc3 O-O 7. d4 Ne4 8. Qc2
Nxc3 9. Qxc3 f5 10. b3 Bf6 11. Bb2 a5 12. Rad1 Qe7 13. Qc1 Na6 14. Rfe1 Rad8
15. a3 g5 16. Nd2 Bxg2 17. Kxg2 Qg7 18. e4 d6 19. exf5 exf5 20. Re6 Rfe8 21.
Rde1 Rxe6 22. Rxe6 Nb8 23. Qb1 Nc6 24. Qxf5 Bxd4 25. Qd5 Kh8 26. Bxd4 Nxd4 27.
Re4 c5 28. Rg4 h6 29. h4 Qd7 30. Rxd4 cxd4 31. Qxd4+ Qg7 32. Qxb6 Rg8 33. hxg5
Qxg5 34. Nf3 Qc5 35. Qb7 Qxa3 36. Qe7 Qc5 37. Qe6 Kh7 38. Qe4+ Kh8 39. Nh4 Qg5
40. Qd4+ Kh7 41. Qd3+ Kh8 42. Qd4+ Kh7 43. Qd3+ Kh8 44. Nf5 Qf6 45. Nxd6 Rf8
46. Ne4 Qc6 47. Kg1 Qe6 48. Qd4+ Kh7 49. Kg2 Qf5 50. Qe3 Qd7 51. Nc3 Qb7+ 52.
Nd5 Rb8 53. Qe4+ Kh8 54. Qe5+ Kh7 55. Qf5+ Kh8 56. Qe5+ Kh7 57. Kh2 Rf8 58.
Nf6+ Kg6 59. Ng4 Qd7 60. f3 h5 61. Qe4+ Qf5 62. Ne5+ Kg7 63. Qxf5 Rxf5 64. f4
Rf8 65. Nc6 Ra8 66. Kh3 Ra6 67. Nd4 a4 68. bxa4 Rxa4 69. Nf5+ Kf6 70. Ne3 Ra3
71. Nd5+ Kg6 72. Ne7+ Kf6 73. Nc6 Rc3 74. Ne5 Ke6 75. Kh4 Kf5 76. Nf7 Kf6 77.
Nd6 Ke6 78. Ne4 Rxc4 79. Ng5+ Kf5 80. Kxh5 Rxf4 1/2-1/2

[Event "XI C.to Italiano U20"]
[Site "Bratto - Castione della Presolana ITA"]
[Date "2003.08.28"]
[Round "8"]
[White "Bonafede, Alessandro"]
[Black "Reduzzi, Maurizio"]
[Result "1-0"]
[WhiteElo "2098"]
[BlackElo "1749"]
[PlyCount "65"]
[EventDate "2003.08.21"]

1. e4 c5 2. Nf3 e6 3. d3 Nc6 4. g3 d5 5. Nbd2 Bd6 6. Bg2 Nge7 7. O-O O-O 8. Nh4
Qc7 9. f4 f6 10. Qh5 Bd7 11. c3 Be8 12. Qe2 Bf7 13. Nhf3 e5 14. f5 b5 15. g4
dxe4 16. dxe4 c4 17. g5 Bc5+ 18. Kh1 Rad8 19. gxf6 gxf6 20. Ne1 Kh8 21. Qg4 Be3
22. Ndf3 Bxc1 23. Rxc1 Rd6 24. Qh4 Qd7 25. Nc2 Bg8 26. Qh6 Rd8 27. Ne3 Nc8 28.
Nh4 Bf7 29. Bf3 Rg8 30. Rg1 N6e7 31. Ng4 Qc6 32. Rcd1 Nb6 33. Nxe5 1-0

[Event "XI C.to Italiano U20"]
[Site "Bratto - Castione della Presolana ITA"]
[Date "2003.08.28"]
[Round "8"]
[White "Bonagura, Stefano"]
[Black "Lorusso, Giuseppe"]
[Result "0-1"]
[WhiteElo "1579"]
[BlackElo "1801"]
[PlyCount "50"]
[EventDate "2003.08.21"]

1. d4 Nf6 2. Bg5 c5 3. Bxf6 exf6 4. d5 d6 5. e4 a6 6. c4 f5 7. Nc3 Qe7 8. Qe2
g6 9. exf5 Bxf5 10. Qxe7+ Bxe7 11. Be2 O-O 12. g4 Bc8 13. h4 Re8 14. O-O-O Bf6
15. Rd3 Bd4 16. Nd1 Nd7 17. g5 b5 18. Rg3 bxc4 19. Bxc4 Nb6 20. b3 Be5 21. Rf3
Bg4 22. Rd3 Bf5 23. Rd2 Nxc4 24. bxc4 Rab8 25. Re2 Bd3 0-1

[Event "XI C.to Italiano U20"]
[Site "Bratto - Castione della Presolana ITA"]
[Date "2003.08.28"]
[Round "8"]
[White "Bonarrigo, Marco"]
[Black "Forato, Enrico"]
[Result "1/2-1/2"]
[WhiteElo "1765"]
[BlackElo "1600"]
[PlyCount "54"]
[EventDate "2003.08.21"]

1. e4 c5 2. Nf3 e6 3. c3 Nf6 4. e5 Nd5 5. d4 Nc6 6. a3 d6 7. Bd3 Qc7 8. exd6
Bxd6 9. O-O O-O 10. Bc2 cxd4 11. cxd4 Bd7 12. Nc3 Nce7 13. Qd3 g6 14. Bh6 Rfc8
15. Nxd5 Nxd5 16. Rac1 Qb6 17. Ng5 Qxb2 18. Ne4 Qxa3 19. Qd2 Bf8 20. h4 Bxh6
21. Qxh6 Qf8 22. Qg5 Bc6 23. Bb3 Qe7 24. Qe5 f6 25. Qg3 Rd8 26. h5 Qg7 27. Nc5
Re8 1/2-1/2

[Event "XI C.to Italiano U20"]
[Site "Bratto - Castione della Presolana ITA"]
[Date "2003.08.28"]
[Round "8"]
[White "Boscolo, Marco"]
[Black "Ronchetti, Niccolo'"]
[Result "0-1"]
[WhiteElo "1567"]
[BlackElo "2217"]
[PlyCount "142"]
[EventDate "2003.08.21"]

1. e4 c5 2. Nf3 Nc6 3. d4 cxd4 4. Nxd4 Nf6 5. Nc3 e5 6. Ndb5 d6 7. Bg5 a6 8.
Na3 b5 9. Nd5 Be7 10. Bxf6 Bxf6 11. c3 Bg5 12. Nc2 Rb8 13. a3 O-O 14. h4 Bh6
15. g4 Bf4 16. Qf3 Be6 17. Nce3 Bxe3 18. Nxe3 a5 19. Rd1 b4 20. Nf5 bxc3 21.
Qxc3 Bxf5 22. gxf5 Nd4 23. Bc4 Qb6 24. Rg1 Kh8 25. Qg3 Rg8 26. b3 Qc6 27. Qd3
Qc7 28. Kf1 Rgc8 29. a4 Qe7 30. Qg3 Qf8 31. h5 h6 32. Qh4 Nf3 33. Qg3 Nxg1 34.
Kxg1 Rc5 35. Qd3 Rb6 36. Qe3 Qe7 37. Rd3 Kg8 38. Qh3 Qg5+ 39. Rg3 Qc1+ 40. Kh2
Qf4 41. Qg2 Qh4+ 42. Rh3 Qf4+ 43. Rg3 Qh4+ 44. Rh3 Qf6 45. Rg3 Kf8 46. Qf3 Qh4+
47. Kg2 Qf6 48. Qd3 Rb4 49. Qd2 Ke7 50. Qd3 Ke8 51. Bb5+ Kf8 52. Bc4 Qe7 53.
Qd2 Qd8 54. Qe2 d5 55. exd5 Rxd5 56. Qg4 Qf6 57. Qxg7+ Qxg7 58. Rxg7 Kxg7 59.
Bxd5 Rf4 60. Bc4 Rxf5 61. Be2 Rf4 62. Kg3 f5 63. Bd3 Kf6 64. Be2 Ke6 65. Bd1
Kd5 66. Be2 Kc5 67. Bd3 Kb4 68. Bc2 Kc3 69. Bd1 Kd2 70. Bf3 Rxf3+ 71. Kxf3 Kc3
0-1

[Event "XI C.to Italiano U20"]
[Site "Bratto - Castione della Presolana ITA"]
[Date "2003.08.28"]
[Round "8"]
[White "Bove, Alessandro"]
[Black "Rombaldoni, Denis"]
[Result "1-0"]
[WhiteElo "2129"]
[BlackElo "2064"]
[PlyCount "91"]
[EventDate "2003.08.21"]

1. e4 c6 2. d4 d5 3. Nc3 dxe4 4. f3 exf3 5. Nxf3 Bg4 6. Bc4 e6 7. O-O Nf6 8.
Be3 Bd6 9. h3 Bh5 10. Qe1 Nbd7 11. Rd1 Nb6 12. Bb3 Qc7 13. Bg5 O-O-O 14. Ne4
Be7 15. Nxf6 gxf6 16. Bh4 c5 17. dxc5 Bxc5+ 18. Kh1 Rxd1 19. Qxd1 Rd8 20. Qe1
Nd5 21. Bxd5 Rxd5 22. Bxf6 Qf4 23. Be5 Qc4 24. Bc3 Bd6 25. Nd2 Qxa2 26. Ne4 Bc7
27. Qh4 Qa6 28. Re1 Bg6 29. Ng3 Qd6 30. Nf1 Rf5 31. Kg1 Bb6+ 32. Ne3 Rf4 33.
Qg5 f6 34. Qh6 Re4 35. Kf2 Bc7 36. Re2 Qg3+ 37. Kf1 Rf4+ 38. Kg1 Ra4 39. Nf1
Bb6+ 40. Kh1 Ra1 41. Qf8+ Kd7 42. Rd2+ Kc6 43. Qc8+ Kb5 44. Qd7+ Ka6 45. Rd1
Rxd1 46. Qa4+ 1-0

[Event "XI C.to Italiano U20"]
[Site "Bratto - Castione della Presolana ITA"]
[Date "2003.08.28"]
[Round "8"]
[White "Buchicchio, Alessandro"]
[Black "Pagan, Andrea"]
[Result "1-0"]
[WhiteElo "1785"]
[BlackElo "1603"]
[PlyCount "123"]
[EventDate "2003.08.21"]

1. d4 Nf6 2. c4 e6 3. Nf3 b6 4. g3 Bb7 5. Bg2 Bb4+ 6. Bd2 Bxd2+ 7. Nbxd2 d6 8.
O-O O-O 9. Qc2 Nbd7 10. Rad1 Qe7 11. Rfe1 c5 12. e4 e5 13. dxe5 dxe5 14. Nb1
Nb8 15. Nc3 Nc6 16. Nd5 Qd8 17. a3 Nd4 18. Nxd4 cxd4 19. f4 Bxd5 20. cxd5 Ng4
21. Rd3 f6 22. Bh3 Ne3 23. Rexe3 dxe3 24. Rxe3 Qd6 25. Qc6 Rfd8 26. Rc3 a5 27.
Qc7 Qxc7 28. Rxc7 Rd6 29. Be6+ Kh8 30. Kf2 h6 31. Rc8+ Rxc8 32. Bxc8 Kg8 33.
Ke3 Kf8 34. Kd3 Ke7 35. Kc4 g6 36. h3 Kd8 37. Be6 Kc7 38. Bf7 g5 39. f5 Kb7 40.
Be8 Rd8 41. Bc6+ Ka6 42. b4 axb4 43. Kxb4 h5 44. h4 gxh4 45. gxh4 Rg8 46. d6
Rg4 47. d7 Rg8 48. Kc4 b5+ 49. Bxb5+ Kb6 50. a4 Kc7 51. Kd5 Rg4 52. Ke6 Kd8 53.
Bc6 Rxh4 54. Kxf6 Rh2 55. Kxe5 Rf2 56. Kf6 h4 57. e5 h3 58. e6 Kc7 59. e7 Kxc6
60. d8=Q h2 61. e8=Q+ Kc5 62. Qb5# 1-0

[Event "XI C.to Italiano U20"]
[Site "Bratto - Castione della Presolana ITA"]
[Date "2003.08.28"]
[Round "8"]
[White "Buchicchio, Giampaolo"]
[Black "Piscopo, Pierluigi"]
[Result "1/2-1/2"]
[WhiteElo "2253"]
[BlackElo "2319"]
[PlyCount "122"]
[EventDate "2003.08.21"]

1. e4 c5 2. c3 d6 3. Nf3 Nf6 4. Be2 Nbd7 5. d3 g6 6. O-O Bg7 7. Ng5 h6 8. Nf3
O-O 9. h3 e5 10. Nh2 d5 11. Nd2 c4 12. exd5 cxd3 13. Bxd3 Nxd5 14. Nc4 Nc5 15.
Bc2 b5 16. Na5 Be6 17. Nb3 Qc7 18. Qe2 b4 19. Qb5 Nxb3 20. Bxb3 Rab8 21. Qd3
Rfd8 22. Qg3 bxc3 23. Ng4 Nf4 24. Qh4 Bxg4 25. Qxg4 Qd7 26. Qxd7 Rxd7 27. bxc3
Ne2+ 28. Kh1 Nxc3 29. Bb2 Ne2 30. Rad1 Rxd1 31. Rxd1 Nd4 32. Bxd4 exd4 33. Kg1
Rb7 34. Kf1 Rc7 35. Ke2 Bf6 36. Rd2 Rc3 37. Rd3 Kf8 38. Rf3 Ke7 39. Rf4 Rc7 40.
Re4+ Kd6 41. Re8 Bg7 42. Kd3 h5 43. Bc4 Re7 44. Rxe7 Kxe7 45. Bb3 f5 46. Bg8
Be5 47. Bd5 g5 48. g3 Kf6 49. Bf3 g4 50. hxg4 fxg4 51. Bd1 Kf5 52. Bb3 Bc7 53.
Bf7 Kg5 54. Bd5 Kf5 55. Bf7 Kg5 56. Bd5 Ba5 57. Be4 Bd8 58. Bc6 Kf5 59. Bd7+
Ke5 60. Bc8 Ba5 61. Bd7 Bd8 1/2-1/2

[Event "XI C.to Italiano U20"]
[Site "Bratto - Castione della Presolana ITA"]
[Date "2003.08.28"]
[Round "8"]
[White "Buono, Valerio"]
[Black "Vignoli, Matteo"]
[Result "1/2-1/2"]
[WhiteElo "1705"]
[BlackElo "1600"]
[PlyCount "68"]
[EventDate "2003.08.21"]

1. e4 e5 2. Bc4 Nf6 3. Nc3 Bc5 4. d3 d6 5. h3 Nc6 6. Nf3 h6 7. Na4 Bb6 8. Nxb6
axb6 9. a3 O-O 10. O-O Be6 11. Bxe6 fxe6 12. Nh2 b5 13. Bd2 Ne7 14. Ng4 c5 15.
f4 exf4 16. Bxf4 e5 17. Be3 Kh7 18. Nxf6+ Rxf6 19. Rxf6 gxf6 20. Qh5 Qf8 21.
Rf1 Qg7 22. Qf3 Rf8 23. c3 b6 24. d4 Rg8 25. Rf2 Qg3 26. dxc5 bxc5 27. Qxg3
Rxg3 28. Rxf6 Rxe3 29. Rf7+ Kg6 30. Rxe7 Rxe4 31. Re6+ Kg5 32. Rxd6 Re2 33. Rd5
Kf4 34. Rxc5 Rxb2 1/2-1/2

[Event "XI C.to Italiano U20"]
[Site "Bratto - Castione della Presolana ITA"]
[Date "2003.08.28"]
[Round "8"]
[White "Campanella, Giovanni"]
[Black "Fratino, Lorenzo"]
[Result "1-0"]
[WhiteElo "1549"]
[BlackElo "1548"]
[PlyCount "87"]
[EventDate "2003.08.21"]

1. e4 e5 2. Nf3 Nf6 3. d4 Nxe4 4. Bd3 d5 5. dxe5 Nc6 6. O-O Bc5 7. Nbd2 Nxd2 8.
Bxd2 O-O 9. Re1 Bg4 10. c3 Qd7 11. b4 Bb6 12. Rc1 Rfe8 13. Bf4 d4 14. b5 Bxf3
15. Qxf3 Na5 16. c4 c5 17. Qe4 g6 18. Bh6 Bc7 19. f4 a6 20. Qd5 Qxd5 21. cxd5
axb5 22. Bxb5 Red8 23. d6 Bb6 24. Bg5 Rdb8 25. Kf1 Nc6 26. a4 Nd8 27. Ke2 Ne6
28. h4 Bd8 29. g3 Nxg5 30. hxg5 Ba5 31. Rh1 b6 32. Kd3 Kg7 33. Kc4 Rh8 34. Rh6
Bd2 35. Rf1 Kf8 36. Rfh1 Kg7 37. Rd1 Ba5 38. Kd5 Rac8 39. Kc4 Ra8 40. g4 Rac8
41. f5 Rhe8 42. Bxe8 Rxe8 43. Rdh1 gxf5 44. gxf5 1-0

[Event "XI C.to Italiano U20"]
[Site "Bratto - Castione della Presolana ITA"]
[Date "2003.08.28"]
[Round "8"]
[White "Dessi', Fabrizio Daniele"]
[Black "Orani, Luigi Giuseppe"]
[Result "1-0"]
[WhiteElo "1522"]
[BlackElo "1500"]
[PlyCount "139"]
[EventDate "2003.08.21"]

1. e4 c5 2. Nf3 d6 3. Bc4 e6 4. Nc3 Nc6 5. d3 Nf6 6. O-O Be7 7. h3 h6 8. Re1
O-O 9. Bf4 e5 10. Bd2 a6 11. a3 b5 12. Ba2 Rb8 13. Nd5 Re8 14. Nxf6+ Bxf6 15.
Bd5 Bb7 16. c3 Ne7 17. Bxb7 Rxb7 18. b4 Qc7 19. Qb3 c4 20. dxc4 Qxc4 21. Qxc4
bxc4 22. Be3 Rc8 23. Rad1 Rd8 24. Rd2 Nc8 25. Rd5 Nb6 26. Ra5 Ra8 27. Rd1 Be7
28. Nd2 Bd8 29. Bxb6 Bxb6 30. Rd5 Rd8 31. Nxc4 Bc7 32. Nxd6 Rxd6 33. Rxd6 Bxd6
34. Rxd6 Ra7 35. c4 Kf8 36. c5 Ke7 37. Kf1 a5 38. Ke2 axb4 39. axb4 Ra2+ 40.
Ke3 Rb2 41. Rb6 Rb3+ 42. Ke2 Rb2+ 43. Kf3 Rb3+ 44. Kg4 Kd7 45. f3 g6 46. b5 Kc7
47. f4 exf4 48. Kxf4 Rb1 49. Ke5 Rb2 50. Kf6 Rxg2 51. Kxf7 Rg5 52. Rc6+ Kb7 53.
Kf6 Rg3 54. e5 Rxh3 55. Kxg6 Rg3+ 56. Kxh6 Re3 57. e6 Rh3+ 58. Kg5 Rg3+ 59. Kf4
Rg7 60. Rd6 Rc7 61. Rd7 Rxd7 62. exd7 Kc7 63. Ke4 Kxd7 64. Kd5 Kc7 65. b6+ Kc8
66. Kd6 Kb8 67. c6 Kc8 68. c7 Kb7 69. Kd7 Kxb6 70. c8=Q 1-0

[Event "XI C.to Italiano U20"]
[Site "Bratto - Castione della Presolana ITA"]
[Date "2003.08.28"]
[Round "8"]
[White "Di Caro, Calogero"]
[Black "Cappai, Davide"]
[Result "0-1"]
[WhiteElo "2221"]
[BlackElo "2105"]
[PlyCount "120"]
[EventDate "2003.08.21"]

1. c4 e5 2. g3 g6 3. Bg2 Bg7 4. Nc3 c6 5. e4 d6 6. d3 Ne7 7. Nge2 Be6 8. O-O
Qd7 9. b3 c5 10. Bg5 h6 11. Bd2 Nbc6 12. Nd5 Bxd5 13. cxd5 Nd8 14. Rb1 O-O 15.
f4 f6 16. h4 Nf7 17. Kh2 g5 18. hxg5 hxg5 19. Bh3 g4 20. Bg2 Nh6 21. f5 Kf7 22.
Rh1 Rh8 23. Kg1 Rh7 24. b4 b6 25. a4 Rah8 26. bxc5 dxc5 27. Qb3 Nc8 28. a5 Bf8
29. axb6 axb6 30. Be3 Bd6 31. Nc3 Ke8 32. Qb5 Nf7 33. Rxh7 Rxh7 34. Bf1 Qxb5
35. Nxb5 Kd7 36. Be2 Rg7 37. Kg2 Be7 38. Nc3 Nfd6 39. Bd1 Kc7 40. Ra1 Kb7 41.
Ra2 Na7 42. Kg1 Rh7 43. Rg2 Rg7 44. Rh2 Nab5 45. Na4 Nd4 46. Rh6 N4xf5 47. exf5
Nxf5 48. Bd2 Nxh6 49. Bxh6 Rh7 50. Be3 f5 51. Kg2 Bd6 52. Bf2 Ka6 53. Nc3 b5
54. Ne2 Rh8 55. Be3 Ra8 56. Kf2 Kb6 57. Ke1 Kc7 58. Bc2 Rf8 59. Nc3 Kb6 60. Bd2
Rh8 0-1

[Event "XI C.to Italiano U20"]
[Site "Bratto - Castione della Presolana ITA"]
[Date "2003.08.28"]
[Round "8"]
[White "Ferrante, Marco"]
[Black "Lampl, Gerald"]
[Result "1-0"]
[WhiteElo "1849"]
[BlackElo "1600"]
[PlyCount "83"]
[EventDate "2003.08.21"]

1. e4 d5 2. exd5 Nf6 3. d4 Nxd5 4. c4 Nb6 5. Bf4 g6 6. Be5 f6 7. Bf4 Bg7 8. Nc3
Be6 9. Nf3 O-O 10. Be2 c6 11. O-O N8d7 12. Qb3 Bf7 13. Rad1 Qe8 14. Rfe1 Qc8
15. Bf1 Re8 16. Nd2 e5 17. dxe5 fxe5 18. Be3 Qc7 19. Nce4 Bf8 20. Nf3 Kg7 21.
Qc2 Rad8 22. b3 Be7 23. Bd2 Nf6 24. Bc3 Rxd1 25. Rxd1 Nbd7 26. Nfd2 Be6 27. Re1
Bf5 28. Nxf6 Bxf6 29. Bd3 Bxd3 30. Qxd3 Nc5 31. Qc2 Rd8 32. Ne4 Nxe4 33. Qxe4
Re8 34. f4 Qb6+ 35. Kh1 Qf2 36. fxe5 Kf8 37. Bd4 Qd2 38. Rf1 Qg5 39. h4 Qh5 40.
Rxf6+ Kg8 41. e6 Rd8 42. e7 1-0

[Event "XI C.to Italiano U20"]
[Site "Bratto - Castione della Presolana ITA"]
[Date "2003.08.28"]
[Round "8"]
[White "Ferrarese, Giacomo"]
[Black "Akmedov, Alisher"]
[Result "1-0"]
[WhiteElo "1507"]
[BlackElo "1434"]
[PlyCount "75"]
[EventDate "2003.08.21"]

1. c4 Nf6 2. Nc3 c5 3. g3 e6 4. Bg2 Be7 5. e4 d6 6. d3 Nc6 7. Nge2 O-O 8. O-O
a6 9. h3 Rb8 10. Bd2 b5 11. b3 b4 12. Na4 Bb7 13. f4 Nd7 14. g4 Nb6 15. Nxb6
Qxb6 16. Kh1 Rfd8 17. Qe1 a5 18. g5 Bf8 19. f5 Ne5 20. Qg3 Bc6 21. Bf4 Qc7 22.
Bxe5 dxe5 23. g6 hxg6 24. fxg6 fxg6 25. Qxg6 Be8 26. Qxe6+ Bf7 27. Qg4 Rxd3 28.
Rad1 Rbd8 29. Ng3 Rxd1 30. Rxd1 Rxd1+ 31. Qxd1 Qd6 32. Qxd6 Bxd6 33. Nf5 Bc7
34. Kh2 Bh5 35. Kg3 Kf7 36. Kh4 Bg6 37. Ne3 Kf6 38. Nd5+ 1-0

[Event "XI C.to Italiano U20"]
[Site "Bratto - Castione della Presolana ITA"]
[Date "2003.08.28"]
[Round "8"]
[White "Gatterer, Matthias"]
[Black "Waldner, Mirko"]
[Result "1-0"]
[WhiteElo "1684"]
[BlackElo "2067"]
[PlyCount "94"]
[EventDate "2003.08.21"]

1. d4 Nf6 2. Nf3 e6 3. c4 d5 4. Nc3 c6 5. Bg5 Nbd7 6. e3 Bb4 7. Qc2 Qa5 8. Nd2
dxc4 9. Bxf6 Nxf6 10. Bxc4 Nd5 11. Rc1 Qd8 12. O-O O-O 13. Nf3 Bd6 14. Ne4 Bc7
15. a3 Re8 16. Rfd1 h6 17. Ba2 Qe7 18. Ne5 Rb8 19. Bb1 f6 20. Nf3 f5 21. Nc3
Nf6 22. Ba2 Kh7 23. e4 Bf4 24. Ra1 e5 25. d5 fxe4 26. d6 Qd7 27. Nxe4 Nxe4 28.
Qxe4+ Qf5 29. Bb1 Rf8 30. d7 Bxd7 31. Rxd7 Qxe4 32. Bxe4+ Kg8 33. g3 Bg5 34.
Nxg5 hxg5 35. f3 Rf7 36. Rad1 Rbf8 37. Rxf7 Rxf7 38. Rd8+ Rf8 39. Rxf8+ Kxf8
40. Kf2 Ke7 41. Ke3 Kd6 42. Kd3 Kc5 43. Kc3 a5 44. b4+ axb4+ 45. axb4+ Kd6 46.
Bg6 Kd5 47. Bf7+ Kd6 1-0

[Event "XI C.to Italiano U20"]
[Site "Bratto - Castione della Presolana ITA"]
[Date "2003.08.28"]
[Round "8"]
[White "Hellweger, Stefan"]
[Black "Nardi, Marco"]
[Result "0-1"]
[WhiteElo "1576"]
[BlackElo "1774"]
[PlyCount "80"]
[EventDate "2003.08.21"]

1. e4 c5 2. Nf3 Nc6 3. Nc3 e5 4. Bc4 d6 5. d3 Be7 6. O-O Nf6 7. Bg5 O-O 8. Nd2
Nd4 9. Bxf6 Bxf6 10. Nd5 b5 11. Bb3 Be6 12. c3 Nxb3 13. Qxb3 Rb8 14. Nxf6+ Qxf6
15. Qd1 a5 16. Qe2 b4 17. c4 a4 18. b3 Ra8 19. Rab1 Qh6 20. Rb2 Ra7 21. Rfb1 f5
22. f3 f4 23. Nf1 Kh8 24. Kf2 Qh4+ 25. Kg1 g5 26. Qf2 Qh5 27. g4 fxg3 28. Nxg3
Qg6 29. Qe3 Raf7 30. Rf2 h5 31. bxa4 h4 32. Nh1 Qh5 33. Rg2 Rg7 34. Ng3 hxg3
35. hxg3 Rh7 36. Kf2 Rhf7 37. Kg1 Rxf3 38. Qd2 Bh3 39. g4 Qh4 40. Rh2 Rf1+ 0-1

[Event "XI C.to Italiano U20"]
[Site "Bratto - Castione della Presolana ITA"]
[Date "2003.08.28"]
[Round "8"]
[White "Kidane, Robel"]
[Black "Chinello, Gianmarco"]
[Result "0-1"]
[WhiteElo "2045"]
[BlackElo "1681"]
[PlyCount "49"]
[EventDate "2003.08.21"]

1. e4 e5 2. Nf3 Nc6 3. Bb5 f5 4. Nc3 fxe4 5. Nxe4 d5 6. Nxe5 dxe4 7. Nxc6 Qg5
8. Ne5+ c6 9. d4 Qxg2 10. Bf1 Qxh1 11. Qh5+ g6 12. Nxg6 hxg6 13. Qxh8 Ne7 14.
Bh6 Qf3 15. Be2 Qf7 16. Bc4 Nd5 17. Bxf8 Qxf8 18. Qe5+ Qe7 19. Qh8+ Kd7 20.
O-O-O Kc7 21. Re1 Rb8 22. Qh6 Qb4 23. Qg7+ Kb6 24. c3 Qxc4 25. Qe5 0-1

[Event "XI C.to Italiano U20"]
[Site "Bratto - Castione della Presolana ITA"]
[Date "2003.08.28"]
[Round "8"]
[White "Lettieri, Giuseppe"]
[Black "Parpinel, Marco"]
[Result "1-0"]
[WhiteElo "1894"]
[BlackElo "1606"]
[PlyCount "33"]
[EventDate "2003.08.21"]

1. e4 g6 2. d4 Bg7 3. Nc3 d6 4. Be3 a6 5. a4 Nd7 6. Bc4 e5 7. Nge2 Ne7 8. f3
O-O 9. Qd2 Kh8 10. O-O-O f5 11. Bg5 b5 12. Ba2 Bb7 13. h4 Nf6 14. h5 Nxh5 15.
g4 fxg4 16. fxg4 Nf6 17. Bxf6 1-0

[Event "XI C.to Italiano U20"]
[Site "Bratto - Castione della Presolana ITA"]
[Date "2003.08.28"]
[Round "8"]
[White "Longo, Aldo"]
[Black "Boscolo, Marco"]
[Result "0-1"]
[WhiteElo "1677"]
[BlackElo "1567"]
[PlyCount "140"]
[EventDate "2003.08.21"]

1. e4 e5 2. Nf3 Nc6 3. Bb5 a6 4. Ba4 Nf6 5. O-O Be7 6. Re1 b5 7. Bb3 O-O 8. h3
d6 9. c3 Bb7 10. d4 Nd7 11. Nbd2 Bf6 12. Nf1 Ne7 13. Ng3 g6 14. Bh6 Bg7 15. Qd2
Nc6 16. Bxg7 Kxg7 17. a4 Qe7 18. a5 Rad8 19. d5 Na7 20. Ba2 c5 21. dxc6 Nxc6
22. b4 Ndb8 23. Nf1 Qc7 24. Rac1 Ne7 25. Ne3 Bxe4 26. Ng4 f5 27. Qh6+ Kh8 28.
Ng5 Ng8 29. Bxg8 Rxg8 30. Ne6 Qe7 31. Nxd8 Rxd8 32. Ne3 Nd7 33. Red1 Nf6 34. f3
Ng8 35. Nxf5 Bxf5 36. Qe3 Nf6 37. Qb6 Bc8 38. c4 bxc4 39. Rxc4 Ne8 40. Rdc1 Be6
41. R4c3 Ra8 42. Kh1 Qa7 43. Qc6 Bd7 44. Qd5 Bb5 45. Qe6 Qd7 46. Qd5 Rd8 47.
Qd2 d5 48. Qh6 Qf7 49. Re3 Qf4 50. Qxf4 exf4 51. Ree1 Bc4 52. Red1 Rd6 53. Rd4
Rf6 54. Kg1 Nd6 55. Kf2 Kg7 56. Rd2 Re6 57. Rb2 Kf6 58. Rd1 Nb5 59. Rbd2 Re3
60. Rb1 Ke5 61. Rbb2 d4 62. Rbc2 Kd5 63. Rd1 Rb3 64. Re1 d3 65. Rd2 Rc3 66. Re4
g5 67. g3 Rc2 68. Ke1 Nd4 69. Rxc2 dxc2 70. Kd2 Nxf3+ 0-1

[Event "XI C.to Italiano U20"]
[Site "Bratto - Castione della Presolana ITA"]
[Date "2003.08.28"]
[Round "8"]
[White "Massironi, Marco"]
[Black "Longo, Luigi"]
[Result "1/2-1/2"]
[WhiteElo "2082"]
[BlackElo "1693"]
[PlyCount "59"]
[EventDate "2003.08.21"]

1. e4 e6 2. d4 d5 3. Nd2 Nf6 4. e5 Nfd7 5. f4 c5 6. c3 Qb6 7. Ndf3 Nc6 8. g3
cxd4 9. cxd4 Bb4+ 10. Kf2 f6 11. Kg2 O-O 12. Bd3 Be7 13. h4 Nb4 14. Bb1 Qc7 15.
a3 Nc6 16. Ng5 fxg5 17. Bxh7+ Kxh7 18. hxg5+ Kg8 19. g6 Rf5 20. Nf3 Nf8 21. g4
Nxg6 22. gxf5 exf5 23. Be3 Be6 24. b4 Qd7 25. Qg1 Kf7 26. Kf2 Rh8 27. Ng5+ Bxg5
28. Qxg5 Qe7 29. Qg3 Qe8 30. Rag1 1/2-1/2

[Event "XI C.to Italiano U20"]
[Site "Bratto - Castione della Presolana ITA"]
[Date "2003.08.28"]
[Round "8"]
[White "Napoli, Nicolo'"]
[Black "Brunello, Sabino"]
[Result "1-0"]
[WhiteElo "2039"]
[BlackElo "2234"]
[PlyCount "35"]
[EventDate "2003.08.21"]

1. e4 e5 2. Nf3 Nc6 3. d4 exd4 4. Bc4 Bc5 5. c3 Nf6 6. O-O Nxe4 7. cxd4 Bb6 8.
d5 Ne7 9. Ng5 Nxg5 10. Bxg5 f6 11. Bxf6 gxf6 12. Qh5+ Ng6 13. Re1+ Kf7 14. d6+
Kg7 15. Re7+ Qxe7 16. dxe7 Re8 17. Qd5 Ne5 18. Qg8+ 1-0

[Event "XI C.to Italiano U20"]
[Site "Bratto - Castione della Presolana ITA"]
[Date "2003.08.28"]
[Round "8"]
[White "Navarro, Tommaso"]
[Black "Procacci, Sergio"]
[Result "1/2-1/2"]
[WhiteElo "1513"]
[BlackElo "1551"]
[PlyCount "50"]
[EventDate "2003.08.21"]

1. e4 d5 2. d4 dxe4 3. Nc3 Nf6 4. f3 exf3 5. Nxf3 Bg4 6. Bc4 e6 7. O-O c6 8.
Bg5 Be7 9. Qd2 h6 10. Bh4 Nbd7 11. Bxf6 gxf6 12. Qf2 Rg8 13. Rac1 Qc7 14. Kh1
O-O-O 15. Rg1 Nb6 16. Be2 Bf5 17. Bf1 Rg7 18. a4 Bb4 19. Ra1 Rdg8 20. Nd1 Be4
21. c4 Bxf3 22. Qxf3 Be7 23. a5 Nd7 24. a6 b6 25. Qe3 Bd6 1/2-1/2

[Event "XI C.to Italiano U20"]
[Site "Bratto - Castione della Presolana ITA"]
[Date "2003.08.28"]
[Round "8"]
[White "Pagan, Nicolo'"]
[Black "D'Apa, Matteo"]
[Result "0-1"]
[WhiteElo "1600"]
[BlackElo "1747"]
[PlyCount "104"]
[EventDate "2003.08.21"]

1. d4 d5 2. c4 c6 3. e3 e6 4. Nc3 Nf6 5. Nf3 Bd6 6. Bd3 O-O 7. O-O Nbd7 8. Qc2
h6 9. b3 b6 10. Bb2 Bb7 11. Rfe1 c5 12. e4 cxd4 13. Nxd4 dxc4 14. Bxc4 Qc7 15.
h3 a6 16. Rad1 b5 17. Bxb5 axb5 18. Ndxb5 Bh2+ 19. Kh1 Qb8 20. g3 Bxg3 21. fxg3
Qxg3 22. Qg2 Qxg2+ 23. Kxg2 Rfd8 24. Kf2 Nc5 25. Rxd8+ Rxd8 26. Rd1 Rxd1 27.
Nxd1 Nd3+ 28. Ke3 Nxb2 29. Nxb2 Nxe4 30. a4 f5 31. a5 Kf7 32. Nc4 Ke7 33. b4
Ba6 34. Nba3 Nc3 35. Kd3 Nb5 36. Nxb5 Bxb5 37. Kd4 Bxc4 38. Kxc4 Kd7 39. a6 Kc7
40. b5 Kb6 41. Kd4 g5 42. Ke3 h5 43. Kf3 g4+ 44. hxg4 hxg4+ 45. Kf4 e5+ 46. Kg3
Ka7 47. Kh4 e4 48. Kg3 e3 49. Kg2 f4 50. Kf1 f3 51. Ke1 g3 52. Kf1 e2+ 0-1

[Event "XI C.to Italiano U20"]
[Site "Bratto - Castione della Presolana ITA"]
[Date "2003.08.28"]
[Round "8"]
[White "Pulito, Alberto"]
[Black "Mogranzini, Roberto"]
[Result "1/2-1/2"]
[WhiteElo "2058"]
[BlackElo "2172"]
[PlyCount "107"]
[EventDate "2003.08.21"]

1. e4 c5 2. c3 d5 3. exd5 Qxd5 4. d4 g6 5. Nf3 Bg7 6. Be3 cxd4 7. cxd4 Nh6 8.
Nc3 Qa5 9. Bb5+ Bd7 10. Bxd7+ Nxd7 11. Bxh6 Bxh6 12. O-O O-O 13. Re1 Rfe8 14.
Qb3 Qb6 15. Ne5 Qxb3 16. axb3 Nb6 17. Nc4 e6 18. Red1 Bg7 19. Kf1 Kf8 20. Nd6
Re7 21. Nde4 a6 22. Nc5 Rd8 23. Ne2 Rc7 24. Rac1 Ke7 25. Ke1 Nd5 26. Rc4 b5 27.
Rc2 Nb4 28. Rc3 Rc6 29. h3 Nd5 30. Rc2 Rdc8 31. Rdc1 Nb4 32. Rd2 Bh6 33. f4 Nd5
34. g3 g5 35. Ra1 gxf4 36. gxf4 Nb4 37. Kf2 e5 38. Nd3 Nxd3+ 39. Rxd3 exf4 40.
Kf3 Kd7 41. Nc3 Rg8 42. Ne4 f5 43. Nc5+ Kd6 44. Kf2 Kd5 45. Nxa6 Rc2+ 46. Kf1
Bf8 47. Re1 Bd6 48. Rc3 Rxc3 49. bxc3 Rg3 50. Nb4+ Bxb4 51. Re5+ Kc6 52. cxb4
Rxb3 53. Rc5+ Kd6 54. Rxb5 1/2-1/2